000 00759nam a22002177a 4500
003 OSt
005 20251007035951.0
008 251007b |||||||| |||| 00| 0 eng d
020 _a978-1-138-64088-7
040 _aDWCL-Main lib
_cOC
082 _aCirc. 370.71 L411e 2019
100 _aLavigne, Alyson L.
245 _aEnhancing Teacher Education, Development and Evaluation/
_cAlyson L. Lavigne
260 _aN.Y :
_bRoutledge,
_cc2019
300 _a193 pages :
_b illustrations ;
_c 25cm.
504 _aIncludes Bibliographical References and Index.
650 _a1. .LCHS : Teachers -- Training of United States.
650 _a2. Teacher Effectiveness -- United States.
650 _a3. Educational Change -- U.S.
942 _2ddc
_cBK-CIRC
_kCirc.
_n0
999 _c4678
_d4678